El eternauta y otros cuentos de ciencia ficción /
Guardado en:
| Autor Principal: | |
|---|---|
| Formato: | Libro |
| Publicado: |
Buenos Aires :
Colihue,
1995
|
| Series: | Serie Oesterheld; No. 4
|
| Materias: | |
| Etiquetas: |
Agregar Etiqueta
Sin Etiquetas, Sea el primero en etiquetar este registro!
|
| LEADER | 00797nam a22002175a 4500 | ||
|---|---|---|---|
| 001 | CEM.cems012761 | ||
| 008 | 130507s1995##################000#0#####d | ||
| 005 | 20250507084759.0 | ||
| 245 | 1 | 0 | |a El eternauta y otros cuentos de ciencia ficción / |c H. G. Oesterheld |
| 260 | |a Buenos Aires : |b Colihue, |c 1995 | ||
| 300 | |a 236 p. | ||
| 490 | 0 | |a Serie Oesterheld; No. 4 | |
| 505 | 0 | |a Sondas -- Una muerte -- El árbol de la buena muerte -- Retorno -- Un extraño planeta... planeta... planeta -- Paria espacial -- El Eternauta: tres veces Salvo | |
| 020 | |a 9505819137 | ||
| 100 | 1 | |a Oesterheld, H. G. | |
| 082 | 0 | 4 | |a A868.4 |
| 653 | |a Literatura | ||
| 653 | |a Literatura argentina | ||
| 653 | |a Cuentos | ||
| 653 | |a Cuentos ciencia ficción | ||
| 859 | |a CEMS |b BIB. CEMS - 11 de abril |h A868.4 |i Oe8-3 |p 25007.07 |t Ej.1 | ||
